| 000 | 00306 a2200133 4500 | ||
|---|---|---|---|
| 001 | 89203 | ||
| 082 | _a823.914 FOR | ||
| 090 |
_c42153 _d42153 |
||
| 100 | _aForsyth Frederick | ||
| 245 |
_aAfghan _bnovel |
||
| 260 |
_aGB _bCorgi books _c2010 |
||
| 300 |
_a463 p. _bPb |
||
| 650 | _aenglish novel;fiction | ||
| 942 |
_aCAE NUST _k823.914 FOR |
||
| 999 |
_c324276 _d324276 |
||